000 00534cab a2200217 4500
001 X1836
008 090401t1995 xxu||||| |||| 00| 0 eng d
035 _a(Sirsi) u19801
041 _aeng
245 _aRICS sets up a rating helpline for business
260 _c1995
350 _a0
490 _aCSM (Chartered Surveyor Monthly)
_v4(3) January 1995, 17(1)
650 _aHELPLINE
650 _aNOMINATION
650 _aREVALUATION
650 _aRICS
690 _aRATING AND VALUATION
942 _n0
948 _c04/03/1997
999 _c13257
_d13257